00755nam a2200205Ia 4500999001500000020001500015082002000030245004400050260006300094300001400157650002500171650004100196650003400237650003600271650003400307700001700341700002300358942000700381952016100388 c7437d7437 a8185835616 a305.420954 WOM- 0aWomen guiding the destiny of South Asia aChandigarhbCentre for Research in Rural and Industrc2010 axviii,138 aFeminismzSouth Asia aWomenvSocial conditionszSouth Asia aWomen in politicszSouth Asia aWomen in mass mediazSouth Asia aWomen journalistszSouth Asia aLaxmi, Vijay aSahai, Paramjit S. cBK 00104070aNASSDOCbNASSDOCd2010-12-31eGifted by : Chairman Secretariat,ICSSRi2010-12-15l0o305.420954 WOM-p46740r2019-04-18 00:00:00w2019-04-18yBK